Statistics for Twin Towns

Click here to take the quiz!

General Stats

  • This quiz has been taken 9 times
  • The average score is 8 of 15

Answer Stats

Twinned With...CountryAnswer% Correct
Rijeka, Antwerp, Hangzhou, Nice, Aachen, Haifa, Maputo, Funchal, St.Petersburg, Miami-DadeSouth AfricaCape Town
86%
Chemnitz, St.Petersburg, WuhanUnited KingdomManchester
86%
Beijing, Budapest, Cairo, Brasilia, Jerusalem, Baku, Johannesburg, London, Madrid, Rome, Santo Domingo, TokyoUSANew York City
86%
RomeFranceParis
86%
Cologne, Coventry, Rennes, San Francisco, Swansea, ShanghaiIrelandCork
71%
Hamburg, Samsun, Changzhou, MazandaranTanzaniaDar es Salaam
71%
Kuala Lumpur, Tokyo, Seoul, KabulIndiaDelhi
71%
Anchorage, Kalymnos, Ambon, HaikouAustraliaDarwin
57%
Sao Paulo, ChicagoJapanOsaka
57%
Hakodate, Campeche, Norfolk VACanadaHalifax
29%
Budapest, SarajevoItalyNaples
29%
A Coruna, Dallas, Amsterdam, Guangzhou, Nantes, PortoBrazilRecife
29%
NazarethNetherlandsThe Hague
29%
Whitby, Chitose, Magadan, Incheon, Darwin, Tromso, HarbinUSAAnchorage
14%
Luhansk, Hordaland, Nantes, Stuttgart, XiamenUnited KingdomCardiff
0%

Score Distribution

Percentile by Number Answered

Percent of People with Each Score

Your Score History

You have not taken this quiz